Změny v soustave peněžnictví v kontextu Šikovy ekonomické reformy v Československu ve druhé polovině 60. let

Podstané črty premeny bankového sektora v kontexte celkovej ekonomickej reformy druhej polovice 60. rokov. Vývoj názorov na cieľovú podobu usporadania bankového sektora.

Gespeichert in:
Bibliographische Detailangaben
1. Verfasser: Chalupecký, Petr
Weitere Verfasser: Johnson, Zdenka, Fabianková, Klára
Format: Buchkapitel
Sprache:Tschechisch
Schlagworte:
Tags: Tag hinzufügen
Keine Tags, Fügen Sie das erste Tag hinzu!

MARC

LEADER 00000naa a2200000 4500
001 0136900
005 20231208072310.6
041 0 |a cze 
044 |a SK 
245 1 0 |a Změny v soustave peněžnictví v kontextu Šikovy ekonomické reformy v Československu ve druhé polovině 60. let  |c Petr Chalupecký, Zdenka Johnson, Klára Fabianková 
520 |a Podstané črty premeny bankového sektora v kontexte celkovej ekonomickej reformy druhej polovice 60. rokov. Vývoj názorov na cieľovú podobu usporadania bankového sektora. 
610 2 0 |a bankovníctvo 
610 2 0 |a história 
610 2 0 |a Československo 
610 2 0 |a reformy hospodárske 
610 2 0 |a reformy peňažné 
610 2 0 |a plánovanie finančné 
100 1 |a Chalupecký, Petr 
700 1 |a Johnson, Zdenka 
700 1 |a Fabianková, Klára